Managerial Accounting (Record no. 15143)

MARC details
000 -LEADER
fixed length control field 00628nam a22002177a 4500
003 - CONTROL NUMBER IDENTIFIER
control field BD-DhSAU
005 - DATE AND TIME OF LATEST TRANSACTION
control field 20210914110655.0
008 - FIXED-LENGTH DATA ELEMENTS--GENERAL INFORMATION
fixed length control field 210610b2012 us a|||| |||| 001 0 eng d
020 ## - INTERNATIONAL STANDARD BOOK NUMBER
International Standard Book Number 9789352602155
Terms of availability 19181.002
040 ## - CATALOGING SOURCE
Original cataloging agency BD-DhSAU
082 ## - DEWEY DECIMAL CLASSIFICATION NUMBER
Edition number 22
Classification number 658.1511
Item number G1934
100 ## - MAIN ENTRY--PERSONAL NAME
Personal name Garrison, Ray H.
245 ## - TITLE STATEMENT
Title Managerial Accounting
Statement of responsibility, etc. Md. Mozammel Hoque
250 ## - EDITION STATEMENT
Edition statement 14th
260 ## - PUBLICATION, DISTRIBUTION, ETC. (IMPRINT)
Place of publication, distribution, etc. New York:
Name of publisher, distributor, etc. McGraw Hill Education;
Date of publication, distribution, etc. 2012.
300 ## - PHYSICAL DESCRIPTION
Extent xxxv, 762 p.
Other physical details ill.;
Dimensions 28cm.
500 ## - GENERAL NOTE
General note Includes index.
650 ## - SUBJECT ADDED ENTRY--TOPICAL TERM
Topical term or geographic name as entry element Accounting
700 ## - ADDED ENTRY--PERSONAL NAME
Relator code Ray H. Garrison, Eric W. Noreen and Peter C. Brewer.
942 ## - ADDED ENTRY ELEMENTS (KOHA)
Source of classification or shelving scheme Dewey Decimal Classification
Koha item type Book
Holdings
Withdrawn status Lost status Source of classification or shelving scheme Damaged status Not for loan Collection code Home library Branch Name Shelving location Date acquired Total Checkouts Full call number Barcode Date last seen Koha item type Public note Price effective from
    Dewey Decimal Classification   Not For Loan Reference SAU Library SAU Library Reference 10/06/2021   658.1511 G1934 42487 14/09/2021 Book Project 2021  
    Dewey Decimal Classification       SAU Library SAU Library General Stacks 14/09/2021   658.1511 G1934 42488 14/09/2021 Book Project 2021 14/09/2021